| 000 | 01114nam a22001817a 4500 | ||
|---|---|---|---|
| 999 |
_c63343 _d63343 |
||
| 003 | Ge_BSU | ||
| 005 | 20250922190428.0 | ||
| 008 | 250922s2001 ge ||||| |||| 00| 0 geo d | ||
| 041 | _ageo | ||
| 080 | _a347(479.22)(094.4) ს-32 | ||
| 245 |
_aსაქართველოს სამოქალაქო კოდექსის კომენტარი : _b[5 წიგნად]. წ. 4, ვალდებულებითი სამართალი. კერძო ნაწილი. ტ. 2 : მუხლები 755-1008 / _c[სარედ. კოლ.: ლადო ჭანტურია (მთ. რედ.) და სხვ.] |
||
| 264 |
_aთბილისი : _bსამართალი, _c2001. |
||
| 300 |
_a432 გვ.; _b20 სმ. |
||
| 653 | _aსაქართველოს სამოქალაქო კოდექსი | ||
| 653 | _aსაქართველოს ვალდებულებითი სამართალი | ||
| 700 |
_aჭანტურია, ლადო _eრედაქტორი _925849 |
||
| 942 |
_2udc _cᲬᲘᲒᲜᲘ |
||